00873nam a2200265Ia 450000500170000000800410001702000150005804100080007310000170008124500830009825000350018130000410021653400220025765000390027965000280031865000300034665000390037670000300041526400280044533600270047333700330050033800280053304000350056108400110059620220316235932.0141017s1999 ck a gr 000 j spa  a95804142621 aspa1 aKasza, Keiko13aEl día de campo de don Chancho cKeiko Kasza ; traducción de Mercedes Guhl aDécima segunda reimpresión a28 páginas bilustraciones c24 cm t The pig's picnic14aCuentos infantiles japoneses2LEMB14aCerdos vCuentos 2LEMB14aAnimales vCuentos 2LEMB14aLiteratura infantil japonesa2LEMB1 aGuhl, Mercedesetraductor aBogotá bNorma c1999 atextobtxt2rdacontent asin mediaciónbn2rdamedia avolumenbnc2rdacarrier aCO-BoRNBPbspaerdacCO-BoRNBP aC KAS1